ՀՀ Գիտությունների ազգային ակադեմիայի հիմնարար գիտական գրադարան  =   Fundamental Scientific Library of NAS RA

Сыновья человека с каменным сердцем : (Record no. 510377)

MARC details
000 -LEADER
fixed length control field 01068nam a2200253 a 4500
003 - CONTROL NUMBER IDENTIFIER
control field AM-YEHGA
001 - CONTROL NUMBER
control field 1415470
005 - DATE AND TIME OF LATEST TRANSACTION
control field 20250617163643.0
008 - FIXED-LENGTH DATA ELEMENTS--GENERAL INFORMATION
fixed length control field 181019s1961 tk a||||r|||||000|1|rus||
040 ## - CATALOGING SOURCE
Original cataloging agency AM-YeHGA
041 1# - LANGUAGE CODE
Language code of text/sound track or separate title rus
Language code of original hun
090 ## - LOCALLY ASSIGNED LC-TYPE CALL NUMBER (OCLC); LOCAL CALL NUMBER (RLIN)
-- 513843
100 1# - MAIN ENTRY--PERSONAL NAME
Personal name Йокаи, Мор
245 10 - TITLE STATEMENT
Title Сыновья человека с каменным сердцем :
Remainder of title Роман /
Statement of responsibility, etc. Мор Йокаи ; Пер. с венг. А. Гершковича и др ; [Вступ. статья Й. Липпаи].
260 ## - PUBLICATION, DISTRIBUTION, ETC.
Place of publication, distribution, etc. Ашхабад :
Name of publisher, distributor, etc. Туркменгосиздат,
Date of publication, distribution, etc. 1961.
300 ## - PHYSICAL DESCRIPTION
Extent 622 с. :
Other physical details ил. ;
Dimensions 21 см.
650 14 - SUBJECT ADDED ENTRY--TOPICAL TERM
Topical term or geographic name entry element Венгерская литература
General subdivision Проза
653 0# - INDEX TERM--UNCONTROLLED
Uncontrolled term Революция 1848-1849 гг. в Австрии (х. л.)
653 0# - INDEX TERM--UNCONTROLLED
Uncontrolled term Революция 1848-1849 гг. в Венгрии (х. л.)
653 0# - INDEX TERM--UNCONTROLLED
Uncontrolled term Дворянство в Венгрии (х. л.)
700 1# - ADDED ENTRY--PERSONAL NAME
Personal name Гершкович, А.
Relator term пер.
Relationship trl
700 1# - ADDED ENTRY--PERSONAL NAME
Personal name Липпаи, Й.
Relator term авт. предисл.
Relationship aui
942 ## - ADDED ENTRY ELEMENTS (KOHA)
Source of classification or shelving scheme Universal Decimal Classification
Koha item type Գրքեր / Books
Holdings
Withdrawn status Lost status Damaged status Not for loan Collection Home library Current library Date acquired Total checkouts Full call number Barcode Date last seen Price effective from Koha item type Public note
        General Fundamental Scientific Library Fundamental Scientific Library 04/06/2021   РII/52956 FL0646693 04/06/2021 04/06/2021 Գրքեր / Books 30 Days Loan


ՀՀ ԳԱԱ հիմնարար գիտական գրադարան
ՀՀ,Երևան 0019
Մարշալ Բաղրամյան 24/6
հեռախոս:(374-10) 52-47-50
Հետադարձ կապ

All site content, except where otherwise noted, is licensed under a
Creative Commons License